Wird geladen...
The winds of October
| Format: | Printed Book |
|---|---|
| Sprache: | English |
| Veröffentlicht: |
Raduga Publications
Raduga Publications
1988
|
| LEADER | 00417nam a2200109Ia 4500 | ||
|---|---|---|---|
| 008 | 111205s9999 xx 000 0 eng d | ||
| 245 | |a The winds of October | ||
| 260 | |b Raduga Publications |a Raduga Publications |c 1988 | ||
| 300 | |a 174 | ||
| 942 | |c BK | ||
| 999 | |c 219838 |d 219838 | ||
| 952 | |0 0 |1 0 |2 ddc |4 0 |6 E_891_750000000000000_8_WIN |7 0 |9 242831 |a MAL |b MAL |c ST1 |d 2011-12-05 |g 29.00 |l 0 |o E 891.750 8 WIN |p MAL20848 |r 2011-12-05 |v 29.00 |w 2011-12-05 |y BK | ||